| 000 | 00762nam a2200205 i 4500 | ||
|---|---|---|---|
| 001 | 74363 | ||
| 003 | ES-MaACL | ||
| 005 | 20230906172115.0 | ||
| 007 | t| | ||
| 008 | 040917s1947 sp ||||1| spa d | ||
| 100 | 1 |
_aGonzález Ribas, M. _958907 |
|
| 245 | 1 | 0 |
_aDescubrimiento precoz, asistencia social y recuperación en la tuberculosis del obrero / _cM. González Ribas. |
| 260 |
_aBarcelona : _bLibrería de Ciencias Médicas, _c1947 ( _fTypus) |
||
| 300 |
_a120 p., 12 lám. : _bil. ; _c23 cm. |
||
| 490 | 1 | _aTesis doctorales de medicina y cirugía. Colección española | |
| 502 | _aTesis doctoral. | ||
| 830 | 0 |
_aTesis doctorales de medicina y cirugía. Colección española _9183441 |
|
| 852 |
_aES-MaACL _jC-4969 _bR.25278 |
||
| 999 |
_c74363 _d74363 |
||